Angličtina každý den. 2

Hlavní autor: Kelly, Milena, 1952-
Jazyk: Angličtina
Vydáno: Praha : Angličtina expres, [p1995]
Témata:
Fyzický popis: 1 MC + 1 list.
Zvukové nahrávky
Uloženo v:
LEADER 00877njm a2200253 a 4500
001 000195786
003 CZ BrMZK
005 19950101143423.0
008 950101s1995 xr f eng d
028 0 1 |b Angličtina Expres 
040 |a BOA001  |b cze 
080 |a 802.0(075)(086.7)  |2 MRF 
100 1 |a Kelly, Milena,  |d 1952-  |7 jo20010084309  |4 aut 
245 1 0 |a Angličtina každý den.  |n 2  |h [zvukový záznam] /  |c Milena Kelly. 
260 |a Praha :  |b Angličtina expres,  |c [p1995] 
300 |a 1 MC +  |e 1 list. 
500 |a Nahr. neuv 
500 |a Durata neuv. 
500 |a Vydáno ke stejnojmenné knize: sig=4-1034.269,1. - Lekce 7, 8, 9 (s. 84), 10 
653 0 |a angličtina(MC) 
910 |a BOA001  |b KZ-0004.532,2 
964 |a Angličtina  |x učebnice  |x MC 
990 |a AV 
996 6 |b 261H004631  |c KZ-0004.532,2  |l MZK  |r Sklad / do 24 hodin  |n 0  |p p.v.  |w 000195786  |u 000010  |a 1  |e BOA001  |j MZK50  |s P